000 00440nam a2200181Ia 4500
001 3787
005 20260306145709.0
008 260306t2012||||xx |||||||||||||| ||spa||
041 _aESP
082 _a303.40985
_bP66
100 _aPlaza J., Orlando 1946-
_eAUT
245 0 _aCambios sociales en el Perú 1968-2008
260 _c2012
300 _a422 páginas :
_c24 cm.
650 _aGEN
654 _aCHU
942 _cLIB
_dJUS
_fJUS
_2ddc
_n
999 _c3787
_d3787